Statistics for Guess as many animes as you can

Click here to take the quiz!

General Stats

  • This quiz has been taken 1,018 times
  • The average score is 9 of 17

Answer Stats

HintAnswer% Correct
blonde ninjanaruto
93%
a pirate who has the ability to stretch his whole bodyone piece
93%
Son Goku defends the Earth with his friendsdragon ball z
90%
Kirito and his girlfriend Asuna are trapped in a video gamesword art online
87%
Gay ice skatersyuri on ice
87%
Lelouch the black princecode geass
70%
Rin founds out he is the son of satanblue exorcist
63%
A detective that got turned into a kidcase closed
61%
Easygoing bounty hunter named Spikecowboy bebop
48%
Little boy makes a deal with a demonblack butler
45%
Fuu is looking for a samurai that smells like sunflowerssamurai champloo
37%
Headless riderdurarara
32%
giant pair of red scissorskill la kill
32%
Ganta is imprisoned in a theme parkdeadman wonderland
27%
Wild Tiger and Barnaby are superheros trying to protect the citytiger and bunny
14%
Girls dance to save their schoollove live
13%
5 young girls make wishes but then have to fight witchespuella magi madoka magica
12%

Score Distribution

Percentile by Number Answered

Percent of People with Each Score

Your Score History

You have not taken this quiz